| 000 | 00698cam a22002533a 4500 | ||
|---|---|---|---|
| 001 | 29427 | ||
| 003 | PGUSA | ||
| 005 | 20140828083633.0 | ||
| 008 | 090716s2009||||xxu|||||s|||||000 | eng d | ||
| 040 |
_aPGUSA _beng |
||
| 042 | _adc | ||
| 050 | 4 | _aBV | |
| 100 | 1 |
_aCarmichael, Amy, _d1867-1951 |
|
| 245 | 1 | 0 |
_aLotus Buds _h[electronic resource] / _cAmy Carmichael |
| 260 |
_bProject Gutenberg, _c2009 |
||
| 506 | _aPublic domain in the USA. | ||
| 516 | _aElectronic text | ||
| 653 | _aChildren -- India | ||
| 653 | _aIndia -- Social life and customs | ||
| 653 | _aMissions -- India | ||
| 830 | 0 |
_aProject Gutenberg _v29427 |
|
| 856 | 4 | 0 | _uhttp://www.gutenberg.org/ebooks/29427 |
| 942 | _cEB | ||
| 999 |
_c258682 _d258682 |
||